Leader xxxxxxxxxx
001 __ PCLIS00055793
005 __ 20220309134530.0
010 0_ |a978-986-5690-79-3|b第1冊 : 平裝|dNT$280
010 0_ |a978-986-5690-83-0|b第2冊 : 平裝|dNT$280
010 0_ |a978-986-5690-86-1|b第3冊 : 平裝|dNT$280
042 __ |anbim
100 __ |a20160324g20162017d y0chiy09 e
101 0_ |achi
102 __ |atw
105 __ |aa z 000ay
200 1_ |a鬼谷學校|f郭文峰著
205 __ |a初版
210 __ |a臺北市|c龍少年出版|c龍圖騰文化發行|a新北市汐止區|c聯寶國際文化總經銷|d2016-2017[民105-106]
211 __ |a1605
215 0_ |a3冊|c圖|d21公分
225 1_ |a少年群俠傳|vNLB01-NLB03
300 __ |a附錄: 鬼谷學校人物原型大揭祕
327 1_ |a1, 兵法班的插班生--2, 森林裡的祕密--3, 顛倒八門陣
463 _0 |12001 |a兵法班的插班生|zchi
463 _0 |12001 |a森林裡的祕密|zchi
463 _0 |12001 |a顛倒八門陣|zchi
681 __ |a859.6|b8466
681 __ |a857.7|b8466
700 _1 |a郭|b文峰|4著
801 _0 |atw|bCIP
801 _1 |atw|b內湖高中|c20220129|gCCR
801 _2 |atw|b內湖高中|c20220129|gCCR
|